<?xml version="1.0" encoding="UTF-8"?>
<record
    xmlns:xsi="http://www.w3.org/2001/XMLSchema-instance"
    xsi:schemaLocation="http://www.loc.gov/MARC21/slim http://www.loc.gov/standards/marcxml/schema/MARC21slim.xsd"
    xmlns="http://www.loc.gov/MARC21/slim">

  <leader>00560nam a22001817a 4500</leader>
  <controlfield tag="005">20260523131836.0</controlfield>
  <controlfield tag="008">260523b        |||||||| |||| 00| 0 eng d</controlfield>
  <datafield tag="020" ind1=" " ind2=" ">
    <subfield code="a">9789360281311</subfield>
    <subfield code="c">895.00</subfield>
  </datafield>
  <datafield tag="040" ind1=" " ind2=" ">
    <subfield code="a">MAIN</subfield>
  </datafield>
  <datafield tag="041" ind1=" " ind2=" ">
    <subfield code="a">English</subfield>
  </datafield>
  <datafield tag="082" ind1=" " ind2=" ">
    <subfield code="a">363.34</subfield>
    <subfield code="b">MAK</subfield>
  </datafield>
  <datafield tag="100" ind1=" " ind2=" ">
    <subfield code="a">Nautiyal, Anoop (ed)</subfield>
    <subfield code="9">26898</subfield>
  </datafield>
  <datafield tag="245" ind1=" " ind2=" ">
    <subfield code="a">Making Molehills of Mountains</subfield>
    <subfield code="b">: Demystifying Disasters in Devbhumi Uttarakhand </subfield>
  </datafield>
  <datafield tag="260" ind1=" " ind2=" ">
    <subfield code="a">Dehradun </subfield>
    <subfield code="b">Bishan Singh Mahindra Pal Singh 2</subfield>
    <subfield code="c">2024</subfield>
  </datafield>
  <datafield tag="300" ind1=" " ind2=" ">
    <subfield code="a">170</subfield>
  </datafield>
  <datafield tag="650" ind1=" " ind2=" ">
    <subfield code="a">Uttarakhand Collection : Himalaya Collection</subfield>
    <subfield code="9">13</subfield>
  </datafield>
  <datafield tag="942" ind1=" " ind2=" ">
    <subfield code="c">BK</subfield>
  </datafield>
  <datafield tag="999" ind1=" " ind2=" ">
    <subfield code="c">60871</subfield>
    <subfield code="d">60871</subfield>
  </datafield>
  <datafield tag="952" ind1=" " ind2=" ">
    <subfield code="0">0</subfield>
    <subfield code="1">0</subfield>
    <subfield code="2">ddc</subfield>
    <subfield code="4">0</subfield>
    <subfield code="6">363_340000000000000_MAK</subfield>
    <subfield code="7">0</subfield>
    <subfield code="9">94079</subfield>
    <subfield code="a">MAIN</subfield>
    <subfield code="b">MAIN</subfield>
    <subfield code="d">2026-05-23</subfield>
    <subfield code="o">363.34 MAK</subfield>
    <subfield code="p">53959</subfield>
    <subfield code="r">2026-05-23</subfield>
    <subfield code="w">2026-05-23</subfield>
    <subfield code="y">BK</subfield>
  </datafield>
</record>
